Statistics for 5 Largest Cities in Mongolia

Click here to take the quiz!

General Stats

  • This quiz has been taken 42 times
  • The average score is 2 of 5

Answer Stats

Population City % Correct
1,144,954Ulaanbaatar
100%
83,379Erdenet
55%
74,738Darkhan
35%
35,789Moron
25%
38,537Choibalsan
15%

Score Distribution

Percentile by Number Answered

Percent of People with Each Score

Your Score History

You have not taken this quiz